Sports Quiz

Random Sports or Baseball Quiz

Lyrics to Take Me Out to the Ballgame Quiz Stats

 Plays Quiz Updated Oct 30, 2018

Score 0/57 Timer 02:00
3 Plays Today
% Correct
me
99.8%
me
99.8%
me
99.8%
me
99.8%
Take
99.8%
Take
99.8%
out
99.7%
out
99.7%
out,
99.7%
to
99.6%
with
99.6%
the
99.5%
the
99.5%
the
99.5%
the
99.5%
ball
99.4%
game.
99.4%
ball
99.4%
game.
99.4%
a
96.1%
I
96%
I
96%
and
94.4%
Cracker
93.4%
Jack,
93.3%
some
92.9%
if
92.7%
if
92.7%
Buy
92.5%
% Correct
don't
92.4%
don't
92.4%
peanuts
92.1%
never
92%
back.
91.2%
care
90.7%
For
90.3%
one,
90%
crowd.
89.7%
two,
89.6%
three
89.6%
for
89.1%
it's
88.8%
it's
88.8%
strikes,
88.4%
team,
87.3%
old
87.1%
home
86.9%
you're
86.6%
root,
86.2%
root,
86.2%
root
86.2%
win
85.7%
they
85.6%
get
84.8%
at
84.3%
shame.
84%
Let
43.8%

You're not logged in!

Compare scores with friends on all Sporcle quizzes.
OR
Log In

Sporcle TV

Today on Sporcle TV


Watch our educational content, quiz creation guides, and fun videos on Sporcle TV.

Show Comments

Extras

Top Quizzes Today


Score Distribution

Your Account Isn't Verified!

In order to create a playlist on Sporcle, you need to verify the email address you used during registration. Go to your Sporcle Settings to finish the process.

Report this User

Report this user for behavior that violates our Community Guidelines.

Details: